MARC

LEADER 00000nam0a2200000 4500
001 358220
005 20231102011054.0
035 |a (RuTPU)RU\TPU\retro\15488 
090 |a 358220 
100 |a 20200814d1981 km y0rusy50 ca 
101 0 |a rus 
102 |a RU 
105 |a y z 001zy 
200 1 |a Философско-психологические проблемы развития образования  |f Акдемия педагогических наук СССР, Научно-исследовательский институт общей и педагогической психологии ; под ред. В. В. Давыдова 
210 |a Москва  |c Педагогика  |d 1981 
215 |a 176 с. 
320 |a Библиография в ссылках 
606 1 |a Народное образование  |x Организация  |y В СССР  |y Россия  |2 stltpush  |3 (RuTPU)RU\TPU\subj\44880  |9 64156 
610 1 |a философские проблемы 
610 1 |a психология 
610 1 |a воспитание 
610 1 |a личность 
610 1 |a диалектическое понимание 
610 1 |a нравственное воспитание 
610 1 |a общение 
610 1 |a психическое развитие 
686 |a Ч34(2)  |v LBC/SL-A  |2 rubbk 
702 1 |a Давыдов  |b В. В.  |4 340 
712 0 2 |a Акдемия педагогических наук СССР  |b Научно-исследовательский институт общей и педагогической психологии  |c (Москва)  |c (1970-1992)  |2 stltpush  |3 (RuTPU)RU\TPU\col\17494  |9 26658 
801 1 |a RU  |b 63413507  |c 20200814 
801 2 |a RU  |b 63413507  |c 20210322  |g RCR 
942 |c BK